Top 100 NBA Players of 2016-2017 - Statistics

General Stats
  • This quiz has been taken 17,543 times
    14,772 since last reset
  • The average score is 63 of 100
Answer Stats
Position/Team # Answer % Correct
SF/Cavaliers 1 LeBron James
100%
SF/Warriors 3 Kevin Durant
99%
PG/Thunder 2 Russell Westbrook
99%
PG/Warriors 4 Stephen Curry
99%
SG/Rockets 6 James Harden
98%
PG/Clippers 9 Chris Paul
97%
PF/Pelicans 8 Anthony Davis
96%
SF/Pacers 7 Paul George
96%
SF/Spurs 5 Kawhi Leonard
95%
SG/Warriors 17 Klay Thompson
95%
PG/Cavaliers 14 Kyrie Irving
95%
C/Cavaliers 52 Tristan Thompson
95%
SG/Spurs 69 Danny Green
94%
PF/Warriors 19 Draymond Green
94%
PF/Clippers 11 Blake Griffin
93%
PG/Trailblazers 13 Damian Lillard
93%
C/Kings 10 DeMarcus Cousins
93%
PG/Wizards 16 John Wall
93%
SG or SF/Bulls 15 Jimmy Butler
91%
C/Timberwolves 18 Karl Anthony-Towns
91%
PG/Raptors 22 Kyle Lowry
90%
SF/Knicks 23 Carmelo Anthony
89%
SG/Raptors 21 DeMar DeRozan
89%
C/Grizzlies 27 Marc Gasol
88%
C/Spurs 41 Pau Gasol
88%
C/Clippers 28 DeAndre Jordan
87%
PG/Celtics 26 Isaiah Thomas
86%
PF/Cavaliers 33 Kevin Love
85%
PF/Spurs 12 LaMarcus Aldridge
85%
C/Celtics 25 Al Horford
83%
SG/Bulls 24 Dwyane Wade
83%
PF/Mavericks 34 Dirk Nowitzki
81%
PG/Hornets 37 Kemba Walker
81%
C/Pistons 31 Andre Drummond
80%
SF/Jazz 30 Gordon Hayward
79%
C/Jazz 36 Rudy Gobert
78%
PF/Hawks 20 Paul Millsap
77%
C/Nets 40 Brook Lopez
76%
C/Bulls 83 Robin Lopez
76%
C/Thunder 43 Steven Adams
76%
C/Hawks 35 Dwight Howard
74%
C/Heat 38 Hassan Whiteside
74%
SG/Wizards 55 Bradley Beal
70%
SG/Suns 98 Devin Booker
67%
PF/Heat 39 Chris Bosh
65%
SG/Trailblazers 50 CJ McCollum
63%
PG/Suns 49 Eric Bledsoe
63%
SF/Timberwolves 65 Andrew Wiggins
60%
SF or PG/Bucks 47 Giannis Antetokounmpo
59%
SG/Cavaliers 96 J.R. Smith
58%
C/Wizards 76 Ian Mahinmi
57%
PG/Grizzlies 29 Mike Conley
57%
PG/Heat 60 Goran Dragic
56%
C/Wizards 54 Marcin Gortat
56%
C/Nuggets 79 Nikola Jokic
56%
PF/Magic 44 Serge Ibaka
56%
PF/Grizzlies 63 Zach Randolph
55%
PF/Magic 99 Aaron Gordon
54%
SF/Warriors 46 Andre Iguodala
54%
PF/Jazz 32 Derrick Favors
54%
PF/Knicks 68 Kristaps Porzingis
54%
PG/Pistons 53 Reggie Jackson
54%
SF/Bucks 42 Khris Middleton
52%
PG/Lakers 94 D'Angelo Russell
51%
PG/Timberwolves 73 Ricky Rubio
51%
PG/Pacers 56 Jeff Teague
50%
SG/Thunder 72 Victor Oladipo
50%
SF/Celtics 52 Jae Crowder
48%
SG/Celtics 71 Avery Bradley
47%
C/Rockets 80 Clint Capela
47%
PG/Jazz 57 George Hill
46%
SG/Clippers 58 J.J. Redick
44%
SF/Hornets 45 Nicolas Batum
44%
C/Magic 75 Nikola Vucevic
44%
PF/Hornets 67 Marvin Williams
42%
PF/Celtics 88 Amir Johnson
41%
C/Thunder 87 Enes Kanter
41%
SG/Hawks 70 Kyle Korver
41%
SF/Kings 78 Rudy Gay
41%
C/Raptors 61 Jonas Valanciunas
39%
PF/Pacers 66 Thaddeus Young
38%
SF/Rockets 81 Trevor Ariza
38%
SG/Spurs 97 Manu Ginobili
37%
SF/Nuggets 48 Danilo Gallinari
36%
C/76ers 93 Jahlil Okafor
34%
SF/Lakers 59 Luol Deng
33%
PF/76ers 84 Nerlens Noel
31%
PF/Pistons 77 Tobias Harris
31%
PF/Rockets 89 Ryan Anderson
30%
PG/Suns 100 Brandon Knight
29%
SF/Grizzlies 51 Chandler Parsons
29%
PF/Bucks 64 Greg Monroe
29%
PF/Nuggets 86 Kenneth Faried
29%
SF/Raptors 74 DeMarre Carroll
28%
SG/Jazz 85 Rodney Hood
28%
SG/Magic 95 Evan Fournier
26%
SF/Hawks 90 Kent Bazemore
24%
C/Mavericks 82 Andrew Bogut
23%
SG/Mavericks 91 Wesley Matthews
20%
C/Magic 92 Bismack Biyombo
18%
No matching quizzes found
Score Distribution
Percent of People with Each Score
Percentile by Number Answered
Your Score History
You have not taken this quiz since the last reset